| 000 | 00956nam0a22002411 4500 | ||
|---|---|---|---|
| 001 | rc\663641 | ||
| 005 | 20250621203003.0 | ||
| 035 | _a(NLR Aleph) 005902668 | ||
| 090 |
_a6293378 _c6293378 |
||
| 100 | _a20031121d1986 |||y0rusy50 ca | ||
| 101 | 0 | _arus | |
| 102 | _aRU | ||
| 105 | _aa ||||||||| | ||
| 200 | 1 |
_aКалибровочные поля _e[Учеб. пособие для физ. спец. вузов] _fА.А. Соколов, И.М. Тернов, В.Ч. Жуковский, А.В. Борисов |
|
| 210 |
_aМ. _cИзд-во МГУ _d1986 |
||
| 215 |
_a260 с. _cил. _d22 |
||
| 320 | _aБиблиогр.: с. 260 (17 назв.) | ||
| 701 | 1 |
_7ca _8rus _aСоколов _bА. А. _cд-р физ.-мат. наук, квантовая физика _f1910-1986 _gАрсений Александрович _9166626 _3RU\NLR\AUTH\770166673 |
|
| 801 | 0 |
_aRU _bNLR _gpsbo |
|
| 801 | 1 |
_aRU _bELAR _2rusmarc |
|
| 852 |
_aNLR _j86-5/2499 |
||
| 942 | _cBOOK | ||
| 980 | _aNB | ||